Southville International School and Colleges
Your cart is empty.
  • Cart
  • Lists
    Public lists Eva Luna New books Lux_list list_1
    Your lists Log in to create your own lists
  • Log in to your account
  • Your cookies
  • Search history
Southville International School and Colleges
  • Advanced search
  • Recent comments
  • Most popular
  • Libraries

Log in to your account

Log in with GOOGLE


If you do not have an external account, but do have a local account, you can still log in:

  1. Home
  2. MARC view: Regulatory framework and legal issues in business part II
Normal view MARC view ISBD view

Regulatory framework and legal issues in business part II (Record no. 365999)

[ view plain ]
MARC details
000 -LEADER
fixed length control field 00579nam a22001937a 4500
003 - CONTROL NUMBER IDENTIFIER
control field 0
005 - DATE AND TIME OF LATEST TRANSACTION
control field 20240524134631.0
008 - FIXED-LENGTH DATA ELEMENTS--GENERAL INFORMATION
fixed length control field 240524b xxu||||| |||| 00| 0 eng d
020 ## - INTERNATIONAL STANDARD BOOK NUMBER
International Standard Book Number 9786218205055
050 ## - LIBRARY OF CONGRESS CALL NUMBER
Classification number KF 390
Item number .D56 2023
100 ## - MAIN ENTRY--PERSONAL NAME
Personal name Domingo, Andrix D.
245 ## - TITLE STATEMENT
Title Regulatory framework and legal issues in business part II
Statement of responsibility, etc Andrix D. Domingo
250 ## - EDITION STATEMENT
Edition statement Second edition
260 ## - PUBLICATION, DISTRIBUTION, ETC. (IMPRINT)
Place of publication, distribution, etc Benguet
Name of publisher, distributor, etc Coaching for Results Publishing
Date of publication, distribution, etc 2023
300 ## - PHYSICAL DESCRIPTION
Extent 771 pages ;
Dimensions 23cm.
650 ## - SUBJECT ADDED ENTRY--TOPICAL TERM
Topical term or geographic name as entry element Business law.
650 ## - SUBJECT ADDED ENTRY--TOPICAL TERM
Topical term or geographic name as entry element Commercial law -- Philippines.
942 ## - ADDED ENTRY ELEMENTS (KOHA)
Source of classification or shelving scheme Library of Congress Classification
Koha item type Books
Holdings
Withdrawn status Lost status Source of classification or shelving scheme Damaged status Home library Current library Shelving location Date acquired Source of acquisition Sub Shelving location Total Checkouts Full call number Barcode Date last seen Price effective from Koha item type
    Library of Congress Classification   College Library College Library Filipiniana Section 05/24/2024 Library Fund     KF 390 .D56 2023 C23305 05/24/2024 05/24/2024 Books
    Library of Congress Classification   College Library College Library Filipiniana Section 05/24/2024 Library Fund     KF 390 .D56 2023 C23304 05/24/2024 05/24/2024 Books

Regulatory framework and legal issues in business part II

APA

Domingo A. D., . (2023). Regulatory framework and legal issues in business part II. Benguet: Coaching for Results Publishing.

Chicago

Domingo Andrix D, . 2023. Regulatory framework and legal issues in business part II. Benguet: Coaching for Results Publishing.

Harvard

Domingo A. D., . (2023). Regulatory framework and legal issues in business part II. Benguet: Coaching for Results Publishing.

MLA

Domingo Andrix D, . Regulatory framework and legal issues in business part II. Benguet: Coaching for Results Publishing. 2023.

  • Place hold
  • Print
  • Cite
  • Add to your cart (remove)
  • Save record
    BIBTEX Dublin Core MARCXML MARC (non-Unicode/MARC-8) MARC (Unicode/UTF-8) MARC (Unicode/UTF-8, Standard) MODS (XML) RIS
  • More searches
    Search for this title in:
    Other Libraries (WorldCat) Other Databases (Google Scholar) Online Stores (Bookfinder.com) Open Library (openlibrary.org)

Exporting to Dublin Core...

SOUTHVILLE LIBRARY

Southville International School and Colleges Library

1281 Tropical Ave. Cor. Luxembourg St., BF Homes International, Las Pinas City

Tel. No. 8256374 / 252358 Loc. 117/146

Powered by Koha